Clash Royale Evolutions - Statistics

General Stats
  • This quiz has been taken 3,020 times
  • The average score is 23 of 30
Answer Stats
Hint Answer % Correct
Creates copies of itself (up to 8 total) when attacking Skeletons
90%
Shoots poisonous projectiles that affect all troops nearby Dart Goblin
89%
When it dies, it spawns a ghost that is invulnerable to everything Lumberjack
89%
Can uppercut troops backwards to the towers Mega Knight
89%
When it kills something it heals up slightly PEKKA
89%
Its bomb bounces three times Bomber
87%
When attacking, creates a tornado that pulls troops closer Valkyrie
86%
When it shoots its projectile it spawns a goblin where it lands Mortar
85%
Gets a rage effect when attacking Barbarians
84%
When walking, there is a 60% damage reduction Knight
84%
Spawns an artillery barrage across the arena Cannon
82%
Has three sniper shots in a narrow width with infinite range Musketeer
82%
Spawns a second decoy of itself on the other side of the arena Goblin Barrel
81%
At half health it will spawn goblins periodically Goblin Giant
81%
Can trap troops in a net and bring air troops to the ground Hunter
81%
Creates a freeze effect that occurs twice and deals light damage Ice Spirit
81%
Creates an earthquake around itself when shooting its cannon Royal Giant
80%
When their shields break they charge like a prince Royal Recruits
80%
When deployed and when popping out of the ground it creates a radiating pulse around it Tesla
79%
Has a shield that when broken deals moderate damage and knockback Wizard
78%
At far range, their projectiles do far more damage Archers
77%
Pulls nearby troops inside and kills them Goblin Cage
77%
Once deployed, it will pop up and down around the tower 3 times Goblin Drill
76%
Captures and rolls all troops backwards several tiles Snowball
76%
Its attack chains to infinite troops Electro Dragon
72%
Shoots a projectile that creates a poison-like effect where it splashes Firecracker
72%
When attacking, these gain health from the troops they attack Bats
62%
When it hits its target it will bounce off of it and can do this until it is destroyed Battle Ram
58%
Has a normal first attack but its second attack has a larger radius Zap
57%
When it's killed in its first stage it spawns a smaller, weaker version of itself Wall Breakers
43%
No matching quizzes found
Score Distribution
Percent of People with Each Score
Percentile by Number Answered
Your Score History
You have not taken this quiz